Vice Presidents of The USA Quiz - Statistics

General Stats
  • This quiz has been taken 37 times
    10 since last reset
  • The average score is 34 of 52
Answer Stats
Hint President Political Party Vice President % Correct
(1801-1805) Thomas Jefferson Democratic-Republican Aaron Burr
100%
(1993-2001) Bill Clinton Democratic Al Gore
100%
(1865) Abraham Lincoln National Union (Republican) Andrew Johnson
100%
(1989-1993) George H.W Bush Republican Dan Quayle
100%
(2001-2009) George W. Bush Republican Dick Cheney
100%
(1981-1989) Ronald Reagan Republican George H.W Bush
100%
(1973-1974) Richard Nixon Republican Gerald Ford
100%
(1945) Franklin D. Roosevelt Democratic Harry S. Truman
100%
(2025-Present Donald Trump Republican JD Vance
100%
(2009-2017) Barack Obama Democratic Joe Biden
100%
(1789-1797) George Washington Federalist John Adams
100%
(2021-2025) Joe Biden Democratic Kamala Harris
100%
(1961-1963) John F. Kennedy Democratic Lyndon B. Johnson
100%
(1833-1837) Andrew Jackson Democratic Martin Van Buren
100%
(2017-2021) Donald Trump Republican Mike Pence
100%
(1837-1841) Martin Van Buren Democratic Richard Johnson
100%
(1969-1973) Richard Nixon Republican Spiro Agnew
100%
(1797-1801) John Adams Democratic-Republican Thomas Jefferson
100%
(1977-1981) Jimmy Carter Democratic Walter Mondale
100%
(1921-1923) Warren G. Harding Republican Calvin Coolidge
75%
(1805-1808) Thomas Jefferson Democratic-Republican George Clinton
75%
(1808-1812) James Madison Democratic-Republican George Clinton
75%
(1861-1865) Abraham Lincoln Republican Hannibal Hamlin
75%
(1849-1850) Zachary Taylor Whig Millard Fillmore
75%
(1974-1977) Gerald Ford Republican Nelson Rockefeller
75%
(1901) William Mckinley Republican Theodore Roosevelt
75%
(1893-1897) Grover Cleveland Democratic Adlai Stevenson
50%
(1929-1933) Herbert Hoover Republican Charles Curtis
50%
(1881) James A. Garfield Republican Chester A. Arthur
50%
(1813-1814) James Madison Democratic-Republican Elbridge Gerry
50%
(1941-1945) Franklin D. Roosevelt Democratic Henry A. Wallace
50%
(1873-1875) Ulysses S. Grant Republican Henry Wilson
50%
(1965-1969) Lyndon B. Johnson Democratic Hubert Humphrey
50%
(1847-1861) James Buchanan Democratic John C. Breckinridge
50%
(1825-1828) John Q. Adams Democratic-Republican John C. Calhoun
50%
(1828-1832) Andrew Jackson Nullifier John C. Calhoun
50%
(1933-1941) Franklin D. Roosevelt Democratic John Nance Garner
50%
(1841) William H. Harrison Whig John Tyler
50%
(1953-1961) Dwight D. Eisenhower Republican Richard Nixon
50%
(1913-1921) Woodrow Wilson Democratic Thomas R. Marshall
50%
(1949-1953) Harry S. Truman Democratic Alben W. Barkley
25%
(1925-1929) Calvin Coolidge Republican Charles G. Dawes
25%
(1905-1909) Theodore Roosevelt Republican Charles W. Fairbanks
25%
(1817-1825) James Monroe Democratic-Republican Daniel D. Tompkins
25%
(1897-1899) William Mckinley Republican Garret Hobart
25%
(1845-1849) James K. Polk Democratic George M. Dallas
25%
(1909-1912) William H. Taft Republican James S. Sherman
25%
(1889-1893) Benjamin Harrison Republican Levi P. Morton
25%
(1869-1873) Ulysses S. Grant Republican Schuyler Colfax
25%
(1885) Grover Cleveland Democratic Thomas A. Hendricks
25%
(1877-1881) Rutherford B. Hayes Republican William A. Wheeler
25%
(1853) Franklin Pierce Democratic William R. King
25%
No matching quizzes found
Score Distribution
Percent of People with Each Score
Percentile by Number Answered
Your Score History
You have not taken this quiz since the last reset